<?xml version="1.0" encoding="UTF-8"?>
<record
    xmlns:xsi="http://www.w3.org/2001/XMLSchema-instance"
    xsi:schemaLocation="http://www.loc.gov/MARC21/slim http://www.loc.gov/standards/marcxml/schema/MARC21slim.xsd"
    xmlns="http://www.loc.gov/MARC21/slim">

  <leader>01106nam a22002897a 4500</leader>
  <controlfield tag="001">1111</controlfield>
  <controlfield tag="005">20230804081250.0</controlfield>
  <controlfield tag="008">230731b        cb ||||| |||| 00| 0 khr d</controlfield>
  <datafield tag="020" ind1=" " ind2=" ">
    <subfield code="a">9789924341437</subfield>
  </datafield>
  <datafield tag="040" ind1=" " ind2=" ">
    <subfield code="a">FISKH </subfield>
    <subfield code="b">eng</subfield>
    <subfield code="c">FISKH </subfield>
    <subfield code="d">FISKH </subfield>
  </datafield>
  <datafield tag="082" ind1=" " ind2=" ">
    <subfield code="a">629.224</subfield>
  </datafield>
  <datafield tag="100" ind1=" " ind2=" ">
    <subfield code="a">Vanthary, Oum</subfield>
  </datafield>
  <datafield tag="245" ind1=" " ind2=" ">
    <subfield code="a">&#x17A1;&#x17B6;&#x1793; /</subfield>
  </datafield>
  <datafield tag="246" ind1=" " ind2=" ">
    <subfield code="a">Cars and Trucks </subfield>
  </datafield>
  <datafield tag="250" ind1=" " ind2=" ">
    <subfield code="a">First Sipar printing February, 2022. </subfield>
  </datafield>
  <datafield tag="260" ind1=" " ind2=" ">
    <subfield code="a">Phnom Penh : </subfield>
    <subfield code="b">Sipar, </subfield>
    <subfield code="c">2022. </subfield>
  </datafield>
  <datafield tag="300" ind1=" " ind2=" ">
    <subfield code="a">12 unnumbered pages : </subfield>
    <subfield code="b">color illustrations ; </subfield>
    <subfield code="c">17 cm. </subfield>
  </datafield>
  <datafield tag="505" ind1=" " ind2=" ">
    <subfield code="a">aa</subfield>
  </datafield>
  <datafield tag="520" ind1=" " ind2=" ">
    <subfield code="a">&#x178E;&#x17C2;&#x1793;&#x17B6;&#x17C6;&#x17A2;&#x17C4;&#x1799;&#x1780;&#x17BB;&#x1798;&#x17B6;&#x179A;&#x178F;&#x17BC;&#x1785;&#x17A2;&#x17C6;&#x1796;&#x17B8;&#x1788;&#x17D2;&#x1798;&#x17C4;&#x17C7;&#x1794;&#x17D2;&#x179A;&#x1797;&#x17C1;&#x1791;&#x1793;&#x17C3;&#x17A1;&#x17B6;&#x1793;&#x1781;&#x17BB;&#x179F;&#x17D7;&#x1782;&#x17D2;&#x1793;&#x17B6;&#x17D4;</subfield>
  </datafield>
  <datafield tag="520" ind1=" " ind2=" ">
    <subfield code="a">Basic vocabulary is introduced for children about different car names.</subfield>
  </datafield>
  <datafield tag="521" ind1=" " ind2=" ">
    <subfield code="a">10</subfield>
    <subfield code="b">Lexile estimate </subfield>
  </datafield>
  <datafield tag="521" ind1=" " ind2=" ">
    <subfield code="a">aa 
</subfield>
    <subfield code="b">Raz-Plus </subfield>
  </datafield>
  <datafield tag="650" ind1=" " ind2=" ">
    <subfield code="a">&#x17A1;&#x17B6;&#x1793; &#x1793;&#x17B7;&#x1784;&#x17A1;&#x17B6;&#x1793;&#x178A;&#x17B9;&#x1780;&#x1791;&#x17C6;&#x1793;&#x17B7;&#x1789; </subfield>
    <subfield code="v">&#x1796;&#x17B6;&#x1780;&#x17D2;&#x1799;&#x1798;&#x17BC;&#x179B;&#x178A;&#x17D2;&#x178B;&#x17B6;&#x1793;</subfield>
    <subfield code="x">&#x179A;&#x17BC;&#x1794;&#x1797;&#x17B6;&#x1796;</subfield>
  </datafield>
  <datafield tag="650" ind1=" " ind2=" ">
    <subfield code="a">Cars and trucks </subfield>
    <subfield code="v">Basic vocabulary</subfield>
    <subfield code="x">Pictures </subfield>
  </datafield>
  <datafield tag="700" ind1=" " ind2=" ">
    <subfield code="a">Visoth, Seng </subfield>
    <subfield code="c">illustrator </subfield>
  </datafield>
  <datafield tag="942" ind1=" " ind2=" ">
    <subfield code="2">ddc</subfield>
    <subfield code="c">BK</subfield>
    <subfield code="n">0</subfield>
  </datafield>
  <datafield tag="999" ind1=" " ind2=" ">
    <subfield code="c">1111</subfield>
    <subfield code="d">1111</subfield>
  </datafield>
  <datafield tag="952" ind1=" " ind2=" ">
    <subfield code="0">0</subfield>
    <subfield code="1">0</subfield>
    <subfield code="2">ddc</subfield>
    <subfield code="4">0</subfield>
    <subfield code="7">0</subfield>
    <subfield code="8">Khmer-English Bilingual </subfield>
    <subfield code="a">001</subfield>
    <subfield code="b">001</subfield>
    <subfield code="c">KHRS</subfield>
    <subfield code="d">2023-07-31</subfield>
    <subfield code="l">0</subfield>
    <subfield code="o">VAN 629.224</subfield>
    <subfield code="p">2023-0160</subfield>
    <subfield code="r">2023-07-31 16:15:23</subfield>
    <subfield code="t">1</subfield>
    <subfield code="w">2023-07-31</subfield>
    <subfield code="y">BK</subfield>
  </datafield>
  <datafield tag="952" ind1=" " ind2=" ">
    <subfield code="0">0</subfield>
    <subfield code="1">0</subfield>
    <subfield code="2">ddc</subfield>
    <subfield code="4">0</subfield>
    <subfield code="7">0</subfield>
    <subfield code="8">Khmer-English Bilingual </subfield>
    <subfield code="a">001</subfield>
    <subfield code="b">001</subfield>
    <subfield code="c">KHRS</subfield>
    <subfield code="d">2023-07-31</subfield>
    <subfield code="l">2</subfield>
    <subfield code="o">VAN 629.224</subfield>
    <subfield code="p">2023-0166</subfield>
    <subfield code="q">2025-11-27</subfield>
    <subfield code="r">2025-11-13 15:04:02</subfield>
    <subfield code="s">2025-11-13</subfield>
    <subfield code="t">2</subfield>
    <subfield code="w">2023-07-31</subfield>
    <subfield code="y">BK</subfield>
  </datafield>
</record>
